00269nam a2200121Ia 4500008004100000082001400041100001500055245002600070250000800096260001700104300000800121650001800129150301s2015 xx 000 0 und d a574bB99D aDUBEY, R.C 2aA TB OF BIOTECHNOLOGY a1ST bS. CHAND PUB a357 aPHARMACEUTICS